Mots de langue française terminés par "beau" - Statistiques

Statistiques générales
  • Ce quiz a été pris 143 fois
  • Le résultat moyen est 4 sur 6
Statistiques - réponses
Indice Mot % Correct
petite échelle escabeau
92%
sépulture tombeau
84%
torche flambeau
83%
oiseau corbeau
80%
morceau lambeau
46%
poisson barbeau
39%
Aucun quiz correspondant
Distribution des résultats
% des personnes avec chaque résultat
Percentile par nombre de réponses
Votre historique - résultats
Vous n’avez pas pris ce quiz